[Event "WJCC U20 Girls 2019"]
[Site "New Delhi"]
[Date "2019.10.21"]
[Round "7.28"]
[White "Onur, Cigdem"]
[Black "Bauyrzhan, Arnash"]
[Result "0-1"]
[WhiteElo "1913"]
[BlackElo "2075"]
[Annotator "NA RC"]
[PlyCount "68"]
[EventDate "2019.10.15"]
[EventType "swiss"]
[EventCountry "IND"]
[SourceTitle "playchess.com"]
[Source "ChessBase"]
[SourceQuality "1"]
[TimeControl "40/5400+30:1800+30"]

1. e4 {[%emt 0:00:00]} c5 {[%emt 0:00:00]} 2. Nf3 {[%emt 0:00:00]} e6 {[%emt 0:00:08]} 3. c3 {[%emt 0:00:00]} Nc6 {[%emt 0:02:46]} 4. d4 {[%emt 0:10:46]} d5 {[%emt 0:00:27]} 5. exd5 {[%emt 0:08:32]} exd5 {[%emt 0:01:28]} 6. Bb5 {[%emt 0:02:12]} Bd6 {[%emt 0:04:00]} 7. dxc5 {[%emt 0:11:33]} Bxc5 {[%emt 0:00:10]} 8. O-O {[%emt 0:01:20]} Nge7 {[%emt 0:01:13]} 9. Bg5 {[%emt 0:20:12]} O-O {[%emt 0:00:59]} 10. Nbd2 {[%emt 0:10:03]} Qb6 {[%emt 0:09:04]} 11. Qa4 {[%emt 0:03:51]} Bf5 {[%emt 0:05:58]} 12. Nb3 {[%emt 0:02:08]} Bd6 {[%emt 0:03:11]} 13. Rad1 {[%emt 0:03:29]} Bc2 {[%emt 0:04:02]} 14. Rd2 {[%emt 0:02:14]} Be4 {[%emt 0:00:21]} 15. Nbd4 {[%emt 0:04:05]} Nxd4 {[%emt 0:03:30]} 16. Nxd4 {[%emt 0:00:31]} Qc7 {[%emt 0:02:11]} 17. g3 {[%emt 0:07:38]} Ng6 {[%emt 0:02:28]} 18. f3 {[%emt 0:05:19]} a6 {[%emt 0:00:34]} 19. fxe4 {[%emt 0:02:29]} axb5 {[%emt 0:00:09]} 20. Qb3 {[%emt 0:02:30]} dxe4 {[%emt 0:02:01]} 21. Nxb5 {[%emt 0:00:39]} Qc5+ {[%emt 0:00:27]} 22. Kh1 {[%emt 0:00:46]} Bxg3 {[%emt 0:05:43]} 23. Rd5 {[%emt 0:00:29]} Qc8 {[%emt 0:05:45]} 24. Rdf5 {[%emt 0:00:30]} Be5 {[%emt 0:07:14]} 25. Rxf7 {[%emt 0:00:27]} Rxf7 {[%emt 0:00:25]} 26. Qxf7+ {[%emt 0:00:17]} Kh8 {[%emt 0:00:05]} 27. Nd4 {[%emt 0:00:29]} Qh3 {[%emt 0:01:17]} 28. Qf2 {[%emt 0:00:11]} h6 {[%emt 0:01:31]} 29. Bc1 {[%emt 0:01:06]} Rf8 {[%emt 0:00:18]} 30. Qxf8+ {[%emt 0:00:41]} Nxf8 {[%emt 0:00:06]} 31. Rxf8+ {[%emt 0:00:03]} Kh7 {[%emt 0:00:07]} 32. Rf2 {[%emt 0:00:33]} Bxh2 {[%emt 0:00:37]} 33. Rg2 {[%emt 0:00:41]} Bf4+ {[%emt 0:00:21]} 34. Kg1 {[%emt 0:00:05]} Bxc1 {[%emt 0:00:15]} 0-1

[Event "WJCC U20 Girls 2019"]
[Site "New Delhi"]
[Date "2019.10.21"]
[Round "7.29"]
[White "Tsotsonava, Elene"]
[Black "Salimova, Nurgyul"]
[Result "1-0"]
[WhiteElo "1905"]
[BlackElo "2415"]
[Annotator "TA"]
[PlyCount "177"]
[EventDate "2019.10.15"]
[EventType "swiss"]
[EventCountry "IND"]
[SourceTitle "playchess.com"]
[Source "ChessBase"]
[SourceQuality "1"]

{[%evp 9,177,18,37,37,31,45,25,12,89,56,84,77,99,29,87,35,27,32,38,31,79,83,85,68,70,59,121,89,599,585,582,164,158,156,158,147,146,153,209,210,337,350,352,332,323,288,304,305,288,235,234,227,221,222,216,208,215,212,199,205,185,183,200,169,186,183,185,170,117,72,179,179,179,179,180,157,192,192,192,185,182,186,356,308,704,696,12829,1791,12832,12829,12829,8807,12825,1795,7920,5494,1354,993,12840,12841,12841,12841,12842,12841,12842,12841,12841,12842,12844,12842,12842,12841,12842,12842,12842,0,12842,12842,12844,12841,12842,12841,12841,12841,12841,12841,12841,12842,12842,12842,12843,12843,12845,12843,12843,12842,12843,12842,12843,0,12845,0,12843,12843,12848,12843,12848,12843,12843,12843,12843,12844,12844,12845,12846,12845,12846,12846,12847,12847,12848,12848,12849,12848,29996,29996,29997,29997,29998,29999]} 1. e4 d5 2. exd5 Qxd5 3. Nc3 Qd6 4. d4 Nf6 5. Nge2 g6 6. Bf4 {B01: Scandinavian Defence} Qb6 7. Qd2 Bg7 8. O-O-O {White has an edge.} Bd7 $146 (8... O-O $11 {remains equal.}) ({Predecessor:} 8... O-O 9. h4 Rd8 10. Qe3 e5 11. Bxe5 Ng4 12. Qg3 Nxe5 13. dxe5 Rxd1+ 14. Nxd1 {1-0 (60) Volokitin,A (2654)-Kurajica,B (2541) Torrelavega 2007}) 9. Ng3 O-O 10. h4 h5 11. Bc4 ({White should try} 11. Bh6 $16) 11... c5 (11... Nc6 $11) 12. Be5 (12. d5 $1 $16) 12... cxd4 $14 13. Bxd4 Qc7 $1 {[%cal Rc7c4]} 14. Bb3 Bg4 15. Bxf6 $1 exf6 16. Nd5 Qd8 $1 17. f3 $36 {[%mdl 2048] White has the initiative.} Bd7 (17... Be6 $14) 18. Qf4 {aiming for Nc7.} Na6 $2 {[%mdl 8192]} (18... a5 $16) 19. Ne4 $18 f5 {[#]} 20. Ng5 $2 (20. Ndf6+ $1 {[%mdl 512]} Bxf6 21. Rxd7 $1 {[%mdl 576] Double Attack} fxe4 22. Rxd8 Bxd8 23. Qh6) 20... Nc5 21. Qd6 Nxb3+ 22. axb3 Re8 23. Nc7 {[%mdl 64] Double Attack} Be5 {[#]} (23... Bc6 $16) 24. Qd5 $1 {[%mdl 576] Double Attack} Bf4+ {[#]} (24... Qf6 $142) 25. Kb1 $1 {[%mdl 512]} Bxg5 26. Qxd7 Bf6 {intending ...Qxd7.} 27. Nxa8 (27. Qxe8+ Qxe8 28. Nxe8 Rxe8 $18) 27... Qxa8 28. Rhe1 Rf8 29. g4 {Black must now prevent gxh5.} Bxh4 30. Rh1 ({Inferior is} 30. gxf5 Bxe1 31. fxg6 Qe8 $11) 30... Rd8 31. Qa4 {Hoping for gxh5.} Rxd1+ 32. Rxd1 {[%mdl 4096] Endgame KQR-KQB} b5 33. Qf4 ({Worse is} 33. Qxb5 Qxf3 34. Rd3 Qh1+ 35. Ka2 fxg4 $11) 33... hxg4 34. fxg4 fxg4 35. Qxg4 Bf6 36. Qf4 Kg7 37. Rd6 Qh1+ 38. Ka2 Qh4 39. Qf3 Qg5 {[#]} (39... b4 $16 {is a better defense.}) 40. Rd5 $1 {[%cal Rd5g5]} Qc1 {[%csl Gf6][%cal Rc1b2]} 41. c3 b4 {[%cal Rb4c3]} 42. Rd1 Qg5 {[#] ...Qa5+ would now be nice for Black.} 43. c4 $1 ({Don't take} 43. cxb4 $6 Qh4 $16) 43... Qa5+ 44. Kb1 Qe5 {[%csl Gf6][%cal Re5b2]} 45. Qf2 g5 $2 (45... Be7 46. Qxa7 Qf5+ 47. Ka2 Bf6) 46. c5 g4 $2 (46... Qe6 47. Qc2 Qc6) 47. c6 Qe4+ 48. Qc2 Qxc2+ 49. Kxc2 {KR-KB} Be5 50. Rd5 Bc7 51. Rg5+ {[%mdl 64] Double Attack} Kf6 52. Rxg4 Ke6 53. Rxb4 Kd5 54. Rb7 Kxc6 55. Rxa7 Kb6 56. Ra4 Be5 57. Re4 f6 58. b4 Kc6 59. Rc4+ Kb5 60. Kb3 Bd6 61. Rd4 Be5 62. Rc4 Bd6 63. Rc8 Be5 64. Re8 Bd6 {[#]} 65. Re6 $1 Be5 66. Ka3 Bd4 67. Rd6 Be5 68. Rd5+ Kc6 69. Rc5+ Kb6 70. Kb3 Bd4 71. Rd5 Be5 72. Kc2 Kc6 73. Rc5+ Kb6 74. Kb3 Bd4 $1 75. Rd5 Be5 76. b5 Ka5 77. Kc2 Bf4 {[#]} 78. b4+ $1 Kb6 (78... Kxb4 79. Rd4+) 79. Kc3 Bg3 80. Kc4 Be5 81. Rc5 Kb7 82. Rc6 Bb2 83. Kc5 Bc3 84. Re6 {Threatening mate with b6.} Be5 85. Re7+ Ka8 86. Kb6 {White threatens Re8+ and mate.} Bb8 {[#]} 87. Re8 $1 {White mates.} f5 88. Ka6 f4 89. b6 {Accuracy: White = 57%, Black = 41%.} 1-0

[Event "WJCC U20 Girls 2019"]
[Site "New Delhi"]
[Date "2019.10.21"]
[Round "7.30"]
[White "Narva, Mai"]
[Black "Punsalan, Vyanla M"]
[Result "1-0"]
[WhiteElo "2378"]
[BlackElo "1964"]
[Annotator "TA"]
[PlyCount "63"]
[EventDate "2019.10.15"]
[EventType "swiss"]
[EventCountry "IND"]
[SourceTitle "playchess.com"]
[Source "ChessBase"]
[SourceQuality "1"]

{[%evp 12,63,33,22,56,53,53,62,90,80,110,125,141,131,217,157,164,97,97,100,135,70,156,131,204,199,221,206,254,236,229,225,269,263,341,229,239,152,304,329,301,300,635,629,600,616,1173,1166,1127,1102,1437,1404,1278,1265]} 1. e4 c5 2. Nf3 g6 3. d4 cxd4 4. Nxd4 Bg7 5. c4 Nc6 6. Be3 d6 7. Nc3 Bd7 {B38: Sicilian: Maroczy Bind with 5...Bg7 and 7...0-0} (7... Nf6 8. Be2 O-O 9. O-O Bd7 10. f3 Nxd4 11. Bxd4 Bc6 12. Qd2 a5 13. b3 Nd7 14. Be3 Nc5 15. Rac1 e6 16. Nb5 Be5 17. Bg5 Qb6 18. Qe3 Bxb5 19. cxb5 Rfc8 20. Kh1 a4 21. b4 Nd7 22. Qd2 Qd4 23. Qxd4 Bxd4 {0-1 (39) Lenderman,A (2637)-Shimanov,A (2610) chess.com INT 2019}) 8. Be2 Rc8 9. O-O h5 {White is slightly better.} 10. h3 $146 ({Predecessor:} 10. Rc1 Nf6 11. f3 h4 12. Qd2 Nh5 13. Nxc6 Bxc6 14. Nd5 b6 15. Bg5 {½-½ (47) Radecki,P (2021)-Reznicek,M (2112) Karvina 2013}) 10... Nh6 11. Qd2 Ne5 12. b3 Rc5 (12... Ng8 $16 13. f4 Nc6) 13. Ndb5 a6 14. Bxc5 (14. Nd4 $18) 14... dxc5 $16 15. Na3 Nc6 16. Nc2 (16. Rad1 $16) 16... Nd4 (16... Bxh3 $1 $14 17. Qxd8+ Nxd8) 17. Rad1 Qc8 (17... e6 $16 {was called for.} 18. Bd3 (18. Nxd4 cxd4 19. Na4 Bc6 $16) 18... Qa5 19. Nxd4 cxd4) 18. Nxd4 $18 Bxd4 19. Nd5 Be6 20. Qg5 {[%csl Gd5][%cal Rg5e7] [#]} Bxd5 21. cxd5 $40 {[%mdl 128] White goes for the king.} ({But not} 21. Qxd5 f6) 21... Qb8 22. b4 b6 23. Kh1 Bf6 24. Qg3 Be5 $2 {[#]} (24... Qxg3 $16 25. fxg3 cxb4 26. Bxa6 Be5) 25. f4 Bd4 26. Bxa6 Ng4 $2 (26... O-O 27. Qg5 Kg7 28. bxc5 bxc5) 27. Rxd4 {White is clearly winning.} cxd4 28. Rc1 d3 29. Rc8+ Qxc8 30. Bxc8 d2 31. Bxg4 hxg4 32. Qxg4 {Accuracy: White = 54%, Black = 19%.} 1-0

[Event "WJCC U20 Girls 2019"]
[Site "New Delhi"]
[Date "2019.10.21"]
[Round "7.31"]
[White "Ananya, Suresh"]
[Black "Harshini A"]
[Result "1-0"]
[WhiteElo "1896"]
[BlackElo "2230"]
[Annotator "TA"]
[PlyCount "63"]
[EventDate "2019.10.15"]
[EventType "swiss"]
[EventCountry "IND"]
[SourceTitle "playchess.com"]
[Source "ChessBase"]
[SourceQuality "1"]

{[%evp 11,63,58,60,28,111,45,81,82,135,116,149,138,133,122,187,79,139,119,287,258,254,125,187,156,147,92,86,84,232,202,185,177,277,286,353,336,332,216,273,280,580,569,538,395,911,687,687,677,1162,1148,1141,1133,29995,29996]} 1. e4 d6 2. d4 Nf6 3. Nc3 g6 4. f3 Bg7 5. Be3 Nbd7 6. Qd2 c6 7. a4 {B07: Pirc Defence: Miscellaneous Systems} a5 (7... O-O $11) 8. Bc4 (8. O-O-O $16) 8... h5 9. Nge2 {White is better.} Qc7 (9... O-O $142) 10. h3 $146 ({Predecessor:} 10. O-O e5 11. Rad1 O-O 12. h3 Re8 13. Ba2 b6 14. d5 c5 {1-0 (36) Rashkovsky,N (2483)-Olesen,P (2014) Dresden 2018}) 10... Nf8 11. Bb3 Be6 12. d5 Bd7 (12... Bc8 $16 13. O-O N8d7) 13. f4 (13. O-O-O $18 {is more deadly.}) 13... Rc8 ({Better is} 13... cxd5 14. exd5 Bf5) 14. Nd4 e5 $2 (14... cxd5 $16 15. exd5 N8h7) 15. fxe5 $18 dxe5 16. Nde2 (16. Nf3 $18 {and White stays clearly on top.}) 16... cxd5 (16... N8h7 $16 17. d6 Qd8) 17. exd5 (17. Nxd5 $6 Nxd5 18. exd5 (18. Qxd5 Ne6 $14) 18... Nh7 $16) 17... N8h7 18. Qd3 (18. O-O-O $142) 18... Bf5 $16 19. Qb5+ Nd7 (19... Bd7 $16 20. Qd3 Bf8) 20. O-O h4 21. d6 Qxd6 {[#]} (21... Qc6 $142 22. Bd5 (22. Qxa5 Nhf6 $18) 22... Qxb5 23. axb5 Nc5 24. Rxa5 Nf6) 22. Bxf7+ $1 $18 {[%mdl 512]} Ke7 (22... Kxf7 23. Rad1) 23. Bb3 Nhf6 24. Qxb7 Rb8 25. Qf3 Nc5 $2 (25... Bh6 {keeps fighting.} 26. Ba7 Rb4) 26. Rad1 Qc7 27. Bg5 Qa7 $2 (27... Kf8 28. Nd5 Nxd5) 28. Nd5+ Kf7 29. Be3 {Hoping for Nxf6+.} Kf8 30. Nxf6 Bxf6 {[#]} 31. Qc6 $1 {[%mdl 64] Double Attack} Be7 32. Qxg6 {Accuracy: White = 47%, Black = 25%.} 1-0

[Event "WJCC U20 Girls 2019"]
[Site "New Delhi"]
[Date "2019.10.21"]
[Round "7.32"]
[White "Nastase, Andreea-Cristina"]
[Black "Meghna, C H"]
[Result "1-0"]
[WhiteElo "2077"]
[BlackElo "1956"]
[Annotator "NA"]
[PlyCount "113"]
[EventDate "2019.10.15"]
[EventType "swiss"]
[EventCountry "IND"]
[SourceTitle "playchess.com"]
[Source "ChessBase"]
[SourceQuality "1"]
[TimeControl "40/5400+30:1800+30"]

1. d4 d5 2. c4 c6 3. Nf3 Nf6 4. Nc3 e6 5. Bg5 Nbd7 6. e3 Qa5 7. cxd5 Nxd5 8. Qb3 Bb4 9. Rc1 O-O 10. Bd3 e5 11. O-O Bxc3 12. bxc3 h6 13. Bh4 Re8 14. Bb1 e4 15. Nd2 N5f6 16. Nc4 Qh5 17. Bg3 Nf8 18. Nd6 Re7 19. Nxc8 Rxc8 20. Qa3 Ng6 21. Qxa7 Nh4 22. Qc5 Nf5 23. Rce1 Nxg3 24. Qxe7 Nf5 25. Qc5 Qg6 26. f3 Nd7 27. Qc4 Nd6 28. Qe2 f5 29. fxe4 fxe4 30. Bc2 Ra8 31. Rf4 Nf6 32. Bb3+ Kh7 33. c4 Ra5 34. c5 Nb5 35. Be6 Kh8 36. Ref1 Nc7 37. Rg4 Qe8 38. Rxf6 Nxe6 39. Rf1 Nc7 40. Rgf4 Qe6 41. Qg4 Rxa2 42. Qxe6 Nxe6 43. Rxe4 Nc7 44. h3 Kg8 45. Rf2 Ra3 46. Re7 Nd5 47. Re8+ Kh7 48. Re2 Kg6 49. Kf2 Ra1 50. Rb2 Nf6 51. Re6 Kf7 52. Rxf6+ gxf6 53. Rxb7+ Ke6 54. Rc7 Ra6 55. Kf3 Kf5 56. g4+ Kg5 57. Rg7+ 1-0

[Event "WJCC U20 Girls 2019"]
[Site "New Delhi"]
[Date "2019.10.21"]
[Round "7.33"]
[White "Rindhiya V"]
[Black "Ortiz Verdezoto, Anahi"]
[Result "1-0"]
[WhiteElo "1817"]
[BlackElo "2055"]
[Annotator "NA RC"]
[PlyCount "89"]
[EventDate "2019.10.15"]
[EventType "swiss"]
[EventCountry "IND"]
[SourceTitle "playchess.com"]
[Source "ChessBase"]
[SourceQuality "1"]
[TimeControl "40/5400+30:1800+30"]

1. e4 {[%emt 0:00:00]} e5 {[%emt 0:00:00]} 2. Nf3 {[%emt 0:00:00]} Nc6 {[%emt 0:00:04]} 3. Bc4 {[%emt 0:00:00]} Bc5 {[%emt 0:00:17]} 4. c3 {[%emt 0:00:00]} Nf6 {[%emt 0:00:04]} 5. d4 {[%emt 0:00:00]} exd4 {[%emt 0:00:04]} 6. cxd4 {[%emt 0:00:00]} Bb4+ {[%emt 0:00:03]} 7. Bd2 {[%emt 0:00:05]} Bxd2+ {[%emt 0:00:05]} 8. Nbxd2 {[%emt 0:00:05]} d5 {[%emt 0:00:08]} 9. exd5 {[%emt 0:00:04]} Nxd5 {[%emt 0:00:01]} 10. Qb3 {[%emt 0:00:07]} Nce7 {[%emt 0:00:04]} 11. O-O {[%emt 0:00:10]} O-O {[%emt 0:00:04]} 12. Rfe1 {[%emt 0:00:06]} c6 {[%emt 0:00:06]} 13. Ne4 {[%emt 0:00:43]} Rb8 {[%emt 0:00:18]} 14. Ne5 {[%emt 0:00:32]} Bf5 {[%emt 0:03:41]} 15. Rad1 {[%emt 0:20:42]} a5 {[%emt 0:03:26]} 16. Qf3 {[%emt 0:09:10]} Bg6 {[%emt 0:12:04]} 17. Nc5 {[%emt 0:06:50]} Nb6 {[%emt 0:01:56]} 18. Nxg6 {[%emt 0:03:22]} hxg6 {[%emt 0:03:49]} 19. Ne6 {[%emt 0:05:41]} Qd6 {[%emt 0:05:42]} 20. Nxf8 {[%emt 0:00:26]} Nxc4 {[%emt 0:03:18]} 21. Qe2 {[%emt 0:00:13]} Nxb2 {[%emt 0:01:50]} 22. Nxg6 {[%emt 0:12:20]} Qxg6 {[%emt 0:00:03]} 23. Qxb2 {[%emt 0:00:08]} Nd5 {[%emt 0:00:06]} 24. Qa3 {[%emt 0:01:13]} Ra8 {[%emt 0:00:19]} 25. Qg3 {[%emt 0:03:19]} Qxg3 {[%emt 0:06:21]} 26. hxg3 {[%emt 0:00:15]} b5 {[%emt 0:00:39]} 27. Rc1 {[%emt 0:02:04]} Rc8 {[%emt 0:15:32]} 28. Re5 {[%emt 0:03:45]} Nb4 {[%emt 0:00:17]} 29. Rxb5 {[%emt 0:01:44]} Nxa2 {[%emt 0:01:03]} 30. Rcc5 {[%emt 0:00:58]} Nb4 {[%emt 0:03:59]} 31. Rxa5 {[%emt 0:00:23]} Re8 {[%emt 0:00:05]} 32. f3 {[%emt 0:04:18]} Re1+ {[%emt 0:01:04]} 33. Kh2 {[%emt 0:00:01]} Re6 {[%emt 0:03:43]} 34. Ra8+ {[%emt 0:01:11]} Kh7 {[%emt 0:00:02]} 35. Rc8 {[%emt 0:00:10]} Re7 {[%emt 0:01:21]} 36. Ra8 {[%emt 0:03:01]} Rb7 {[%emt 0:02:08]} 37. Ra3 {[%emt 0:02:46]} Rd7 {[%emt 0:05:14]} 38. Rc4 {[%emt 0:01:09]} Nd5 {[%emt 0:00:02]} 39. Ra6 {[%emt 0:00:58]} Ne7 {[%emt 0:00:11]} 40. g4 {[%emt 0:00:47]} g6 {[%emt 0:00:59]} 41. Rca4 {[%emt 0:30:28]} Rd6 {[%emt 0:31:56]} 42. Ra7 {[%emt 0:00:12]} Re6 {[%emt 0:00:02]} 43. Rc7 {[%emt 0:00:13]} Kg7 {[%emt 0:01:35]} 44. Raa7 {[%emt 0:00:06]} Kf8 {[%emt 0:00:06]} 45. Ra8+ {[%emt 0:00:06]} 1-0

[Event "WJCC U20 Girls 2019"]
[Site "New Delhi"]
[Date "2019.10.21"]
[Round "7.34"]
[White "Bhagyashree Patil"]
[Black "Tamarozi, Isabelle"]
[Result "1-0"]
[WhiteElo "1802"]
[BlackElo "2029"]
[Annotator "NA RC"]
[PlyCount "73"]
[EventDate "2019.10.15"]
[EventType "swiss"]
[EventCountry "IND"]
[SourceTitle "playchess.com"]
[Source "ChessBase"]
[SourceQuality "1"]
[TimeControl "40/5400+30:1800+30"]

1. e4 {[%emt 0:00:00]} c5 {[%emt 0:00:00]} 2. Nf3 {[%emt 0:00:00]} Nc6 {[%emt 0:00:31]} 3. d4 {[%emt 0:00:00]} cxd4 {[%emt 0:00:23]} 4. Nxd4 {[%emt 0:00:00]} g6 {[%emt 0:00:23]} 5. c4 {[%emt 0:02:00]} d6 {[%emt 0:00:30]} 6. Nc3 {[%emt 0:01:04]} Nf6 {[%emt 0:00:34]} 7. Be2 {[%emt 0:00:35]} Nxd4 {[%emt 0:00:51]} 8. Qxd4 {[%emt 0:00:08]} Bg7 {[%emt 0:00:20]} 9. Qd3 {[%emt 0:03:40]} a5 {[%emt 0:04:43]} 10. h3 {[%emt 0:02:32]} O-O {[%emt 0:09:43]} 11. O-O {[%emt 0:00:42]} Be6 {[%emt 0:04:19]} 12. Be3 {[%emt 0:05:37]} a4 {[%emt 0:03:03]} 13. Rab1 {[%emt 0:02:51]} Nd7 {[%emt 0:04:33]} 14. Nd5 {[%emt 0:02:27]} Nc5 {[%emt 0:05:43]} 15. Qc2 {[%emt 0:04:30]} f5 {[%emt 0:01:44]} 16. Bf3 {[%emt 0:03:41]} Rf7 {[%emt 0:03:05]} 17. Bxc5 {[%emt 0:03:00]} fxe4 {[%emt 0:08:34]} 18. Bb6 {[%emt 0:19:11]} Qd7 {[%emt 0:08:38]} 19. Bxe4 {[%emt 0:04:03]} Raf8 {[%emt 0:02:57]} 20. Qd3 {[%emt 0:00:37]} Be5 {[%emt 0:03:29]} 21. Bd4 {[%emt 0:06:42]} Bxd4 {[%emt 0:02:32]} 22. Qxd4 {[%emt 0:00:09]} Bf5 {[%emt 0:00:16]} 23. Rbe1 {[%emt 0:01:28]} Rg7 {[%emt 0:01:34]} 24. Bxf5 {[%emt 0:01:33]} Rxf5 {[%emt 0:01:54]} 25. Qxg7+ {[%emt 0:02:16]} Kxg7 {[%emt 0:00:10]} 26. Rxe7+ {[%emt 0:00:03]} Qxe7 {[%emt 0:00:08]} 27. Nxe7 {[%emt 0:00:03]} Rc5 {[%emt 0:00:27]} 28. Rc1 {[%emt 0:01:08]} Re5 {[%emt 0:02:11]} 29. Nd5 {[%emt 0:00:15]} Re2 {[%emt 0:00:13]} 30. Rb1 {[%emt 0:00:11]} Kf8 {[%emt 0:01:46]} 31. Kf1 {[%emt 0:00:10]} Rd2 {[%emt 0:00:45]} 32. Ke1 {[%emt 0:00:11]} Rd4 {[%emt 0:00:37]} 33. Ne3 {[%emt 0:00:07]} Ke7 {[%emt 0:01:33]} 34. b3 {[%emt 0:00:20]} b5 {[%emt 0:01:37]} 35. cxb5 {[%emt 0:00:34]} Kd7 {[%emt 0:00:51]} 36. bxa4 {[%emt 0:00:12]} Rxa4 {[%emt 0:00:08]} 37. b6 {[%emt 0:00:09]} 1-0

[Event "WJCC U20 Girls 2019"]
[Site "New Delhi"]
[Date "2019.10.21"]
[Round "7.35"]
[White "Chandreyee, Hajra"]
[Black "Eesha Ajay Sarda"]
[Result "1/2-1/2"]
[WhiteElo "2024"]
[BlackElo "1744"]
[Annotator "NA RC"]
[PlyCount "131"]
[EventDate "2019.10.15"]
[EventType "swiss"]
[EventCountry "IND"]
[SourceTitle "playchess.com"]
[Source "ChessBase"]
[SourceQuality "1"]
[TimeControl "40/5400+30:1800+30"]

1. e4 {[%emt 0:00:00]} c5 {[%emt 0:00:00]} 2. Nf3 {[%emt 0:00:00]} e6 {[%emt 0:00:00]} 3. d4 {[%emt 0:00:00]} cxd4 {[%emt 0:00:02]} 4. Nxd4 {[%emt 0:00:00]} a6 {[%emt 0:00:29]} 5. Nc3 {[%emt 0:00:36]} Qc7 {[%emt 0:00:30]} 6. Be2 {[%emt 0:02:13]} Nf6 {[%emt 0:00:34]} 7. O-O {[%emt 0:00:34]} Be7 {[%emt 0:00:51]} 8. Be3 {[%emt 0:00:19]} d6 {[%emt 0:00:16]} 9. f4 {[%emt 0:00:10]} b5 {[%emt 0:01:24]} 10. a3 {[%emt 0:00:30]} Bb7 {[%emt 0:00:05]} 11. Bf3 {[%emt 0:00:38]} Nbd7 {[%emt 0:00:51]} 12. Nb3 {[%emt 0:03:36]} Rc8 {[%emt 0:16:24]} 13. Qe1 {[%emt 0:04:03]} O-O {[%emt 0:06:22]} 14. Qg3 {[%emt 0:02:44]} d5 {[%emt 0:04:32]} 15. exd5 {[%emt 0:02:41]} Nxd5 {[%emt 0:02:37]} 16. Nxd5 {[%emt 0:03:35]} Bxd5 {[%emt 0:01:51]} 17. Bxd5 {[%emt 0:00:30]} exd5 {[%emt 0:00:09]} 18. c3 {[%emt 0:02:43]} Nc5 {[%emt 0:08:12]} 19. Bd4 {[%emt 0:04:33]} Ne6 {[%emt 0:11:49]} 20. Be3 {[%emt 0:01:52]} Bf6 {[%emt 0:09:27]} 21. Rad1 {[%emt 0:01:03]} Rfd8 {[%emt 0:02:59]} 22. Qg4 {[%emt 0:04:27]} Qc4 {[%emt 0:04:04]} 23. Nd4 {[%emt 0:02:30]} Nxd4 {[%emt 0:01:34]} 24. Bxd4 {[%emt 0:00:10]} Rc6 {[%emt 0:01:15]} 25. Rfe1 {[%emt 0:02:40]} Bxd4+ {[%emt 0:07:10]} 26. Rxd4 {[%emt 0:00:20]} Qc5 {[%emt 0:00:17]} 27. Qg5 {[%emt 0:02:58]} Rf6 {[%emt 0:03:39]} 28. g3 {[%emt 0:04:54]} h6 {[%emt 0:01:01]} 29. Qg4 {[%emt 0:02:53]} Qb6 {[%emt 0:03:55]} 30. Kg2 {[%emt 0:03:03]} Re6 {[%emt 0:04:30]} 31. Rxe6 {[%emt 0:01:43]} fxe6 {[%emt 0:00:25]} 32. Qg6 {[%emt 0:03:33]} Rf8 {[%emt 0:00:22]} 33. Qh5 {[%emt 0:03:54]} Qd6 {[%emt 0:01:50]} 34. Qf3 {[%emt 0:04:16]} Rf7 {[%emt 0:04:34]} 35. Rd2 {[%emt 0:03:30]} Kf8 {[%emt 0:01:57]} 36. Qe3 {[%emt 0:00:33]} Qc6 {[%emt 0:01:00]} 37. Kg1 {[%emt 0:01:10]} Rc7 {[%emt 0:00:09]} 38. Re2 {[%emt 0:00:33]} Kf7 {[%emt 0:00:47]} 39. Rf2 {[%emt 0:02:37]} Kg8 {[%emt 0:00:18]} 40. f5 {[%emt 0:02:24]} exf5 {[%emt 0:00:56]} 41. Rxf5 {[%emt 0:30:16]} Rf7 {[%emt 0:03:57]} 42. Re5 {[%emt 0:00:00]} Qc4 {[%emt 0:11:11]} 43. Re8+ {[%emt 0:00:00]} Kh7 {[%emt 0:00:04]} 44. Qe2 {[%emt 0:00:00]} Qxe2 {[%emt 0:06:27]} 45. Re6 Qe3+ 46. Rxe3 {[%emt 0:00:00]} Kg6 {[%emt 0:00:37]} 47. Re6+ {[%emt 0:00:00]} Rf6 {[%emt 0:03:37]} 48. Rxf6+ {[%emt 0:00:00]} Kxf6 {[%emt 0:00:35]} 49. Kf2 {[%emt 0:00:00]} Kf5 {[%emt 0:00:55]} 50. Kf3 {[%emt 0:00:00]} h5 {[%emt 0:01:44]} 51. h3 {[%emt 0:00:00]} g5 {[%emt 0:02:06]} 52. Ke3 {[%emt 0:00:00]} Ke5 {[%emt 0:03:21]} 53. b3 {[%emt 0:00:00]} a5 {[%emt 0:01:32]} 54. Kd3 {[%emt 0:00:00]} h4 {[%emt 0:00:28]} 55. gxh4 {[%emt 0:00:00]} gxh4 {[%emt 0:00:05]} 56. Ke3 {[%emt 0:00:00]} Kf5 {[%emt 0:01:07]} 57. Kd4 {[%emt 0:20:40]} Kf4 {[%emt 0:00:07]} 58. Kxd5 {[%emt 0:00:43]} Kg3 {[%emt 0:00:06]} 59. Ke4 {[%emt 0:00:37]} Kxh3 {[%emt 0:01:05]} 60. Kf3 {[%emt 0:00:05]} Kh2 {[%emt 0:00:11]} 61. Kf2 {[%emt 0:00:40]} h3 {[%emt 0:00:36]} 62. c4 {[%emt 0:02:20]} bxc4 {[%emt 0:01:23]} 63. bxc4 {[%emt 0:00:06]} Kh1 {[%emt 0:00:16]} 64. c5 {[%emt 0:01:04]} h2 {[%emt 0:00:08]} 65. c6 {[%emt 0:00:03]} a4 {[%emt 0:00:12]} 66. Kf1 {[%emt 0:00:41]} 1/2-1/2